000 00467nam a22001817a 4500
003 CEME
005 20210628205331.0
008 210309b xxu||||| |||| 00| 0 eng d
020 _a0-262-68035-1
040 _c.
082 _a658.4 MAN'R
100 _aRoberts, Edward.B
_975004
245 _aManagement application of system dynamics
260 _aCAMBRIDGE
_bTHE MIT PRESS
_c1984
300 _a669P
650 _aINDUSTRIAL MANAGEMENT
_96236
942 _cBK
_2ddc
999 _c580502
_d580502